00282nam a2200121Ia 4500008004100000041000900041082001500050100002000065245002500085260003500110300000700145650000800152230718s9999 xx 000 0 und d aEng. a340bAFG-A aAfghani, Masand 0aArbitration Ace 1946 aPakistanblahove lawinesc1936 a62 aLaw